| 000 | 01252namaa22003251i 4500 | ||
|---|---|---|---|
| 005 | 20260621131401.0 | ||
| 008 | 260621s1994 ua a|||frm||| 000 0 eng d | ||
| 040 |
_aEG-GICUC _beng _cEG-GICUC _dEG-GICUC _erda |
||
| 041 | 0 |
_aeng _beng _bara |
|
| 049 | _aDeposit | ||
| 097 | _aM.Sc | ||
| 099 | _aCai01.11.34.1994.Sa.A | ||
| 100 | 0 |
_aSamy Ahmad Abbas, _epreparation. |
|
| 245 | 1 | 0 |
_aAcquired Fistulae of The urinary Tract / _cBy Samy Ahmad Abbas ; Supervisors Prof. Dr. Khaled Fawzy, Dr. Essa Kotb, Dr. Ibrahem Abul fetouh |
| 246 | 1 | 5 | _aالنواسير المكتسبة في المسالك البولية |
| 264 | 0 | _c1994. | |
| 300 |
_a127 Leaves _billustrations _c30 cm. + |
||
| 336 |
_2rda content _atext |
||
| 337 |
_2rdamedia _aUnmediated |
||
| 338 |
_2rdacarrier _avolume |
||
| 502 | _aThesis (M.Sc.)-Cairo University, 1994 | ||
| 504 | _aBibliography: pages 109-127 | ||
| 653 | 0 |
_aAcquired Fistulae _aThe urinary Tract |
|
| 700 | 0 |
_aKhaled Fawzy _ethesis advisor. |
|
| 700 | 0 |
_aEssa Kotb _ethesis advisor. |
|
| 700 | 0 |
_aIbrahem Abul fetouh _ethesis advisor. |
|
| 900 |
_DDepartment of Urology _FFaculty of Medicine _UCairo University _b1994 _cKhaled Fawzy _cEssa Kotb _cIbrahem Abul fetouh |
||
| 905 | _aNehad | ||
| 942 |
_2ddc _cTH _e21 _n0 |
||
| 999 | _c180581 | ||